000 00761cab a2200253 4500
001 WB3001-43
008 090401t1994 xxu||||| |||| 00| 0 eng d
035 _a(Sirsi) u42131
041 _aeng
100 _aBaldwin, R.
245 _aTime for change and quality assurance
260 _c1994
350 _a0
490 _aCSW - The Property Week
_v46(1) 6 January 1994, 37(1)
520 _aDiscusses the adoption of quality assurance BS 5750 in the preparation of valuation documentation.
650 _aBS 5750
650 _aGENERAL PRACTICE
650 _aPRACTICE MANAGEMENT
650 _aQUALITY ASSURANCE
650 _aVALUATION REPORTS
690 _aMANAGEMENT-BUSINESS MANAGEMENT-PROFESSIONAL PRACTICE
942 _n0
948 _c04/03/1997
999 _c27064
_d27064